[Event "22. Copenhagen Open  (Politiken Cup)"]
[Site "Copenhagen"]
[Date "2000.07.27"]
[Round "10"]
[White "Schandorff, Lars"]
[Black "Lund, Silas"]
[Result "1-0"]
[WhiteElo "2520"]
[BlackElo "2261"]
[PlyCount "121"]
[EventDate "2000.07.17"]
[EventType "swiss"]
[EventRounds "11"]
[EventCountry "DEN"]
[SourceDate "2004.01.01"]

1. c4 d6 2. g3 f5 3. Bg2 Nf6 4. Nc3 c6 5. d3 g6 6. e4 Bg7 7. Nge2 O-O 8. O-O
Na6 9. h3 Qc7 10. Be3 e5 11. Qd2 Be6 12. exf5 gxf5 13. f4 Rad8 14. Rac1 Qb8 15.
b3 Nc7 16. Rfd1 Bf7 17. Qe1 a6 18. Qf2 Qc8 19. a4 Rfe8 20. a5 Bh5 21. Rd2 Kh8
22. Kh1 Qe6 23. Ng1 Rd7 24. fxe5 dxe5 25. Na4 Rf7 26. Nc5 Qc8 27. Rf1 Bg6 28.
Qe1 Nh5 29. Bf2 Ne6 30. Nxe6 Qxe6 31. Nf3 Qc8 32. Re2 Qc7 33. Kg1 Rff8 34. Nh4
Qd6 35. Bf3 Qxd3 36. Bc5 e4 37. Bxh5 Bxh5 38. Rd2 Qxb3 39. Bxf8 Bxf8 40. Nxf5
Bc5+ 41. Kh2 Qc3 42. Rd7 Qxe1 43. Rxe1 e3 44. g4 Bg6 45. Rxb7 Bxf5 46. gxf5 Bd4
47. Kg3 Bc3 48. Re2 Bxa5 49. f6 Bd2 50. Rb6 a5 51. Rxc6 Ra8 52. Kf3 a4 53. Rg2
Rf8 54. Ra6 a3 55. Ke2 a2 56. Rxa2 h6 57. Ra6 Bc3 58. f7 Bg7 59. Ra7 Bd4 60.
Rd7 Bg7 61. Kxe3 1-0

[Event "22. Copenhagen Open  (Politiken Cup)"]
[Site "Copenhagen"]
[Date "2000.07.27"]
[Round "10"]
[White "Schmidt, Horst"]
[Black "Keeling, Karen"]
[Result "0-1"]
[WhiteElo "2025"]
[BlackElo "1680"]
[PlyCount "56"]
[EventDate "2000.07.17"]
[EventType "swiss"]
[EventRounds "11"]
[EventCountry "DEN"]
[SourceDate "2004.01.01"]

1. d4 Nf6 2. Nf3 e6 3. c4 Bb4+ 4. Bd2 Bxd2+ 5. Nbxd2 d5 6. e3 Qe7 7. Bd3 O-O 8.
Rc1 Nbd7 9. cxd5 Nxd5 10. a3 c5 11. O-O cxd4 12. Nxd4 Ne5 13. Bb1 Bd7 14. Qb3
Nc6 15. Nf5 exf5 16. Qxd5 Be6 17. Qf3 g6 18. e4 Rad8 19. exf5 Rxd2 20. fxe6
Qxe6 21. Rfe1 Nd4 22. Qxb7 Ne2+ 23. Kf1 Nxc1 24. Qf3 Qc4+ 25. Kg1 Rxb2 26. Be4
Ne2+ 27. Kh1 Nd4 28. Qf6 Re2 0-1

[Event "22. Copenhagen Open  (Politiken Cup)"]
[Site "Copenhagen"]
[Date "2000.07.27"]
[Round "10"]
[White "Schonberg, Niels Peder"]
[Black "Bogdanov, Max"]
[Result "1/2-1/2"]
[WhiteElo "1198"]
[BlackElo "1067"]
[PlyCount "61"]
[EventDate "2000.07.17"]
[EventType "swiss"]
[EventRounds "11"]
[EventCountry "DEN"]
[SourceDate "2004.01.01"]

1. d4 d5 2. Bf4 Nf6 3. e3 e6 4. Nd2 Bd7 5. a3 c5 6. c3 Nc6 7. Ngf3 Be7 8. Bb5
O-O 9. Bxc6 Bxc6 10. Ne5 Rc8 11. Nxc6 Rxc6 12. O-O h6 13. Qf3 Bd6 14. Bxd6 Qxd6
15. Rfe1 b5 16. e4 dxe4 17. Nxe4 Nxe4 18. Qxe4 Rd8 19. Rad1 Rc7 20. h3 Qb6 21.
dxc5 Rxc5 22. Qe3 Rxd1 23. Rxd1 Qc7 24. Rd8+ Qxd8 25. Qxc5 a6 26. Kh2 Qd2 27.
b4 Kh7 28. f3 Qf4+ 29. Kg1 Qc1+ 30. Kh2 Qf4+ 31. Kg1 1/2-1/2

[Event "22. Copenhagen Open  (Politiken Cup)"]
[Site "Copenhagen"]
[Date "2000.07.27"]
[Round "10"]
[White "Simonsen, Olavur"]
[Black "Preuss, Flemming"]
[Result "1/2-1/2"]
[WhiteElo "2183"]
[BlackElo "2072"]
[PlyCount "116"]
[EventDate "2000.07.17"]
[EventType "swiss"]
[EventRounds "11"]
[EventCountry "DEN"]
[SourceDate "2004.01.01"]

1. e4 c6 2. Nf3 d5 3. Nc3 Bg4 4. Be2 e6 5. d4 Nf6 6. h3 Bh5 7. Bg5 Be7 8. e5
Nfd7 9. Bxe7 Qxe7 10. Qd2 c5 11. Nb5 O-O 12. Nc7 Nc6 13. Nxa8 Bxf3 14. gxf3
Nxd4 15. c3 Nxe2 16. Qxe2 Rxa8 17. f4 c4 18. O-O Nc5 19. Qe3 Nd3 20. b3 Qh4 21.
Qg3 Qxf4 22. Qxf4 Nxf4 23. bxc4 dxc4 24. Rfe1 Nxh3+ 25. Kf1 Nf4 26. Re4 g5 27.
Rb1 Rd8 28. Rxc4 Rd2 29. a4 b6 30. Rc7 h5 31. Rxa7 h4 32. Rc7 h3 33. Kg1 Ra2
34. Rxb6 Nd3 35. Kh2 g4 36. Kg3 Rxf2 37. Rc8+ Kg7 38. Rbb8 Rg2+ 39. Kh4 Nxe5
40. Kg5 Nf3+ 41. Kf4 Kf6 42. Rh8 e5+ 43. Ke3 h2 44. Rbg8 e4 45. a5 Rg3 46. Rh6+
Ke7 47. Kf4 Rh3 48. Rxh3 gxh3 49. a6 h1=Q 50. a7 Nd2 51. a8=Q Qf3+ 52. Kg5 f6+
53. Kh6 Qf4+ 54. Kh5 Qf3+ 55. Kh6 Qf4+ 56. Kg6 Qg5+ 57. Kh7 Qh5+ 58. Kg7 Qg5+
1/2-1/2

[Event "22. Copenhagen Open  (Politiken Cup)"]
[Site "Copenhagen"]
[Date "2000.07.27"]
[Round "10"]
[White "Jensen, Kasper Smith"]
[Black "Romsdal, Trond"]
[Result "0-1"]
[WhiteElo "2157"]
[BlackElo "2222"]
[PlyCount "77"]
[EventDate "2000.07.17"]
[EventType "swiss"]
[EventRounds "11"]
[EventCountry "DEN"]
[SourceDate "2004.01.01"]

1. e4 c5 2. Nf3 e6 3. d4 cxd4 4. Nxd4 a6 5. Nc3 Nc6 6. Be3 Nge7 7. Qd2 Nxd4 8.
Bxd4 Nc6 9. Be3 Be7 10. f4 b5 11. Be2 Bb7 12. O-O Rc8 13. a4 b4 14. Na2 Qc7 15.
c3 b3 16. Nb4 Nxb4 17. cxb4 Qd6 18. Rac1 O-O 19. Qxd6 Bxd6 20. Bc5 Bxc5+ 21.
bxc5 Bxe4 22. Bxa6 Rc7 23. Rc3 Rb8 24. Rd1 Rb4 25. Bb5 Bd5 26. c6 d6 27. g3 Kf8
28. Rcd3 Ke7 29. Rc3 Be4 30. Rc4 Rxc4 31. Bxc4 Bc2 32. Rc1 d5 33. Bb5 Kd6 34.
Kf2 f6 35. Ke3 e5 36. fxe5+ fxe5 37. Rf1 d4+ 38. Kd2 Be4 39. Bd3 0-1

[Event "22. Copenhagen Open  (Politiken Cup)"]
[Site "Copenhagen"]
[Date "2000.07.27"]
[Round "10"]
[White "Aabling Thomsen, Jakob"]
[Black "Lardot, Derik"]
[Result "1-0"]
[WhiteElo "1589"]
[BlackElo "2019"]
[PlyCount "69"]
[EventDate "2000.07.17"]
[EventType "swiss"]
[EventRounds "11"]
[EventCountry "DEN"]
[SourceDate "2004.01.01"]

1. d4 d5 2. c4 e5 3. dxe5 d4 4. Nf3 Nc6 5. g3 Be6 6. Nbd2 Qd7 7. Bg2 Nge7 8.
O-O Ng6 9. a3 a5 10. Nb3 Bxc4 11. Nbxd4 Ncxe5 12. Nxe5 Nxe5 13. Bf4 Bd6 14.
Bxe5 Bxe5 15. Bxb7 O-O 16. Bxa8 Rxa8 17. Nc2 Qb5 18. Re1 Bxb2 19. Rb1 Qe5 20.
Qd7 h6 21. Rxb2 Qxb2 22. Qc6 Qxc2 23. Qxa8+ Kh7 24. Qxa5 Be6 25. Qb4 g6 26. Qb1
Qc3 27. Qa1 Qc4 28. Rd1 g5 29. Rd8 Qxe2 30. Qd1 Qe5 31. a4 Bh3 32. g4 Qe7 33.
Qd3+ Kg7 34. Qd4+ Qf6 35. Rg8+ 1-0

[Event "22. Copenhagen Open  (Politiken Cup)"]
[Site "Copenhagen"]
[Date "2000.07.27"]
[Round "10"]
[White "Tjornsted, Peter"]
[Black "Hovmoller, Kristian"]
[Result "1/2-1/2"]
[WhiteElo "1868"]
[BlackElo "2170"]
[PlyCount "244"]
[EventDate "2000.07.17"]
[EventType "swiss"]
[EventRounds "11"]
[EventCountry "DEN"]
[SourceDate "2004.01.01"]

1. d4 Nf6 2. Nf3 e6 3. Bf4 c5 4. c3 cxd4 5. cxd4 Qb6 6. Qc1 Nc6 7. e3 d5 8. Be2
Bd7 9. O-O Rc8 10. Nc3 Ne4 11. a3 Be7 12. Ne5 Nxe5 13. Bxe5 f6 14. Bg3 Nxc3 15.
bxc3 Qa5 16. Qb2 b5 17. Rfc1 O-O 18. f3 a6 19. Be1 Qc7 20. Bd1 Bd6 21. g3 Rb8
22. Qe2 Rfe8 23. a4 f5 24. f4 $11 Rec8 25. Bc2 bxa4 26. Bxa4 Bb5 27. Bxb5 axb5
28. Bd2 Qc4 29. Qxc4 $11 bxc4 30. Rcb1 Rb3 31. Rxb3 cxb3 32. Rb1 Rb8 33. Bc1
Bc7 34. Kf2 Ba5 35. Bd2 b2 36. Ke2 Bd8 37. Kd3 Be7 38. c4 dxc4+ 39. Kxc4 Ba3
40. Bc3 Kf7 41. Kd3 Ke7 42. Kc2 Rc8 43. Kb3 Kd6 44. Bxb2 Bxb2 45. Rxb2 Kd5 46.
Rc2 Rb8+ 47. Ka2 Rb7 48. Rc5+ Kd6 49. Rc3 h5 50. Rb3 Rc7 51. Kb2 Kd5 52. Rb5+
Kd6 53. Rb6+ Ke7 54. Rb3 g6 55. Rc3 Ra7 56. Ra3 Rc7 57. Rc3 Ra7 58. Rc2 Kd6 59.
Rc8 Ke7 60. Rg8 Kf7 61. Rb8 Ke7 62. Kc2 Ra3 63. Rb3 Ra1 64. Rb2 Re1 65. Kd3
Rd1+ 66. Ke2 Rh1 67. Kf3 Rf1+ 68. Rf2 Re1 69. Re2 Rc1 70. e4 Kd6 71. exf5 gxf5
72. Rd2 Rc8 73. Ra2 Rh8 74. Ra5 Rh7 75. Ra8 Rh6 76. Ra6+ Kd5 77. Ke3 Rh8 78.
Ra5+ Kd6 79. d5 exd5 80. Kd4 Rc8 81. Rxd5+ Ke6 82. Re5+ Kf6 83. Re2 Rd8+ 84.
Ke3 Re8+ 85. Kf3 Rg8 86. Ra2 Re8 87. Ra6+ Kg7 88. Kg2 Re2+ 89. Kh3 Rf2 90. Rb6
Re2 91. Kh4 Rxh2+ 92. Kg5 Rh3 93. Rg6+ Kf7 94. Kxf5 h4 95. g4 Rh1 96. Rh6 Kg7
97. g5 h3 98. Rh4 h2 99. g6 Ra1 100. Rh7+ Kg8 101. Rxh2 Ra5+ 102. Kg4 Kg7 103.
Rh5 Ra1 104. Kg5 Rg1+ 105. Kf5 Ra1 106. Rh7+ Kg8 107. Rc7 Ra5+ 108. Kg4 Ra1
109. f5 Rg1+ 110. Kf4 Rf1+ 111. Kg5 Ra1 112. g7 Ra2 113. Re7 Rb2 114. f6 Rg2+
115. Kf5 Rf2+ 116. Ke6 Re2+ 117. Kd7 Rd2+ 118. Ke8 Rf2 119. Re6 Rf1 120. Ke7
Rf2 121. Re5 Rf1 122. Rh5 Rxf6 1/2-1/2

[Event "22. Copenhagen Open  (Politiken Cup)"]
[Site "Copenhagen"]
[Date "2000.07.27"]
[Round "10"]
[White "Tolstrup, Thomas"]
[Black "Schmied, Andreas"]
[Result "1/2-1/2"]
[WhiteElo "1856"]
[BlackElo "2155"]
[PlyCount "43"]
[EventDate "2000.07.17"]
[EventType "swiss"]
[EventRounds "11"]
[EventCountry "DEN"]
[SourceDate "2004.01.01"]

1. Nf3 d6 2. d4 Bg4 3. g3 Nf6 4. Bg2 c6 5. c4 e6 6. Nc3 Bxf3 7. Bxf3 d5 8. Qb3
Qb6 9. c5 Qc7 10. Bf4 Qc8 11. Rc1 Be7 12. O-O O-O 13. Na4 Nbd7 14. Qc2 Re8 15.
b4 Bd8 16. Nc3 e5 17. dxe5 Nxe5 18. Bxe5 Rxe5 19. e4 dxe4 20. Nxe4 Nxe4 21.
Bxe4 h6 22. f4 1/2-1/2

[Event "22. Copenhagen Open  (Politiken Cup)"]
[Site "Copenhagen"]
[Date "2000.07.27"]
[Round "10"]
[White "Tozer, Richard"]
[Black "Jessen, Simon Pind"]
[Result "1-0"]
[WhiteElo "2317"]
[BlackElo "2126"]
[PlyCount "69"]
[EventDate "2000.07.17"]
[EventType "swiss"]
[EventRounds "11"]
[EventCountry "DEN"]
[SourceDate "2004.01.01"]

1. d4 d5 2. c4 c6 3. Nf3 Nf6 4. Nc3 g6 5. cxd5 cxd5 6. Bf4 Nc6 7. e3 a6 8. Bd3
Bg7 9. O-O O-O 10. Rc1 Bd7 11. Qb3 Na5 12. Qb4 Nc6 13. Qxb7 Ra7 14. Qb3 Nh5 15.
Be5 f6 16. Bg3 Nxg3 17. hxg3 Be6 18. Na4 Na5 19. Qc3 Bf7 20. Nc5 Nc4 21. b3 Nd6
22. Nxa6 e5 23. dxe5 Ne4 24. Qd4 Qe7 25. exf6 Bxf6 26. Qb6 Nc3 27. Nd4 Nxa2 28.
Nc6 Qa3 29. Rc5 Raa8 30. Nc7 Rac8 31. Nxd5 Bd8 32. Nce7+ Kg7 33. Qf6+ Kh6 34.
Nf5+ Kh5 35. Be2# 1-0

[Event "22. Copenhagen Open  (Politiken Cup)"]
[Site "Copenhagen"]
[Date "2000.07.27"]
[Round "10"]
[White "Zyde, Fadmal"]
[Black "Nicolaisen, Erik"]
[Result "1-0"]
[WhiteElo "1619"]
[BlackElo "2035"]
[PlyCount "74"]
[EventDate "2000.07.17"]
[EventType "swiss"]
[EventRounds "11"]
[EventCountry "DEN"]
[SourceDate "2004.01.01"]

1. Nf3 c5 2. e4 e6 3. Nc3 a6 4. d4 cxd4 5. Nxd4 b5 6. a3 Bb7 7. Bd3 Qb6 8. Be3
Bc5 9. Nce2 Nf6 10. b4 Bxd4 11. Bxd4 Qd8 12. f3 Nc6 13. Bf2 O-O 14. Bh4 Ne5 15.
O-O Ng6 16. Qe1 d6 17. Kh1 Nxh4 18. Qxh4 Nd7 19. Qh3 Ne5 20. f4 Nxd3 21. cxd3
Rc8 22. f5 exf5 23. Rxf5 Qd7 24. Nf4 Rc7 25. Nh5 f6 26. Raf1 Qe7 27. Qg3 Kh8
28. h3 Bc8 29. R5f3 $11 Qe5 30. Nf4 Kg8 31. Qh4 Bb7 32. Rg3 Qe7 33. Nh5 Kh8 $11
34. Rxg7 Qd8 35. Rxc7 Qxc7 36. Rxf6 Rg8 37. Qf4 Qe7 1-0

[Event "22. Copenhagen Open  (Politiken Cup)"]
[Site "Copenhagen"]
[Date "2000.07.27"]
[Round "10"]
[White "Osttveit, Martin"]
[Black "Heinola, Vesa"]
[Result "0-1"]
[WhiteElo "2079"]
[BlackElo "2227"]
[PlyCount "64"]
[EventDate "2000.07.17"]
[EventType "swiss"]
[EventRounds "11"]
[EventCountry "DEN"]
[SourceDate "2004.01.01"]

1. Nf3 Nf6 2. g3 g6 3. Bg2 Bg7 4. O-O O-O 5. d3 c5 6. e4 Nc6 7. Nc3 d6 8. h3
Rb8 9. Be3 b5 10. Qd2 b4 11. Nd1 Re8 12. Nh4 a5 13. f4 Bd7 14. f5 e6 15. Bg5
exf5 16. c3 fxe4 17. dxe4 Re6 18. e5 Nxe5 19. Bd5 Qe8 20. Bxe6 Qxe6 21. Bxf6
Bxf6 22. Qf4 Bxh4 23. Qxh4 Bc6 24. Ne3 Nf3+ 25. Rxf3 Bxf3 26. Qf4 Be4 27. Ng4
f5 28. Nh6+ Kg7 29. c4 Qe5 30. Qg5 Qd4+ 31. Kf1 Bd3+ 32. Kg2 Qxb2+ 0-1

[Event "22. Copenhagen Open  (Politiken Cup)"]
[Site "Copenhagen"]
[Date "2000.07.28"]
[Round "11"]
[White "Andersen, Preben"]
[Black "Kristensen, Jonas Rune"]
[Result "0-1"]
[WhiteElo "2030"]
[BlackElo "1696"]
[PlyCount "76"]
[EventDate "2000.07.17"]
[EventType "swiss"]
[EventRounds "11"]
[EventCountry "DEN"]
[SourceDate "2004.01.01"]

1. e4 c5 2. Nf3 e6 3. Nc3 Nc6 4. d3 d6 5. g3 g6 6. Bg2 Bg7 7. O-O Nge7 8. Be3
Nd4 9. Qd2 Nxf3+ 10. Bxf3 Rb8 11. a4 b6 12. Bg2 O-O 13. Bh6 Nc6 14. Bxg7 Kxg7
15. f4 Nd4 16. Rf2 Bb7 17. Raf1 f5 18. Nd1 Qd7 19. b3 a6 20. Qc3 Kg8 21. Qb2 b5
22. c3 Nc6 23. axb5 axb5 24. Ne3 $11 Qg7 25. exf5 exf5 26. Bxc6 Bxc6 27. Ra1
Ra8 28. Rxa8 Rxa8 29. b4 Qa7 30. d4 cxd4 31. cxd4 Qa1+ 32. Qxa1 Rxa1+ 33. Rf1
Ra3 34. Kf2 Ra2+ 35. Kg1 Re2 36. Rc1 Be4 37. Rc8+ Kf7 38. Rc7+ Kf6 0-1

[Event "22. Copenhagen Open  (Politiken Cup)"]
[Site "Copenhagen"]
[Date "2000.07.28"]
[Round "11"]
[White "Andersen, Tom Juul"]
[Black "Lilja, Richard"]
[Result "0-1"]
[WhiteElo "2106"]
[BlackElo "2080"]
[PlyCount "158"]
[EventDate "2000.07.17"]
[EventType "swiss"]
[EventRounds "11"]
[EventCountry "DEN"]
[SourceDate "2004.01.01"]

1. c4 Nf6 2. g3 c5 3. Bg2 g6 4. Nf3 Bg7 5. Nc3 O-O 6. O-O Nc6 7. d4 d6 8. h3
Nd7 9. Be3 cxd4 10. Nxd4 Nde5 11. b3 Qa5 12. Rc1 Nxd4 13. Bxd4 Bh6 14. e3 Bd7
15. Nd5 Nc6 16. Bc3 Qd8 17. Qd2 Qc8 18. b4 Re8 19. f4 Bxh3 20. b5 Bxg2 21. Kxg2
Nd8 22. Nxe7+ Rxe7 23. Qd4 f5 24. Qh8+ Kf7 25. Qxh7+ Ke8 26. Qxh6 Qe6 27. Qh8+
Kd7 28. Bd4 Rc8 29. c5 Qe4+ 30. Kg1 Ne6 31. c6+ bxc6 32. bxc6+ Kc7 33. Qh1 Nxd4
34. Qxe4 Rxe4 35. exd4 Rxd4 36. Rf3 a5 37. Rf2 Kb6 38. a3 Rxc6 39. Rb2+ Kc7 40.
Re1 Re4 41. Reb1 Rc3 42. Rb7+ Kc6 43. R7b6+ Kd7 44. Rd1 Re6 45. Kh2 Re2+ 46.
Kh3 Rc6 47. Rb7+ Ke6 48. Rb8 Rc7 49. Re8+ Re7 50. Rxe7+ Kxe7 51. Rd5 a4 52. Ra5
Re4 53. Kh4 Kf6 54. Ra6 Rd4 55. Kh3 g5 56. fxg5+ Kxg5 57. Ra8 Kf6 58. Rf8+ Ke6
59. Re8+ Kf7 60. Re3 Re4 61. Rc3 Ke6 62. Kg2 Ke5 63. Kf3 d5 64. Rc8 Kd4 65. Rf8
Re3+ 66. Kf4 Rxa3 67. Rxf5 Ra1 68. Kg5 a3 69. Rf4+ Kc3 70. Rf2 d4 71. Rf8 d3
72. Rc8+ Kb2 73. Rb8+ Kc1 74. Rc8+ Kd1 75. Kf4 Rc1 76. Re8 Rc3 77. g4 d2 78. g5
Kc2 79. Rd8 d1=Q 0-1

[Event "22. Copenhagen Open  (Politiken Cup)"]
[Site "Copenhagen"]
[Date "2000.07.28"]
[Round "11"]
[White "Baburin, Alexander"]
[Black "Greiff, Hkan"]
[Result "1/2-1/2"]
[WhiteElo "2590"]
[BlackElo "2284"]
[PlyCount "113"]
[EventDate "2000.07.17"]
[EventType "swiss"]
[EventRounds "11"]
[EventCountry "DEN"]
[SourceDate "2004.01.01"]

1. d4 d5 2. c4 e6 3. Nc3 Nf6 4. cxd5 exd5 5. Bg5 Be7 6. e3 c6 7. Qc2 Nbd7 8.
Bd3 O-O 9. Nge2 Re8 10. O-O Nf8 11. f3 Ng6 12. Rad1 Be6 13. Kh1 Rc8 14. a3 Qc7
15. Bxf6 Bxf6 16. e4 dxe4 17. fxe4 c5 $11 18. e5 cxd4 19. exf6 dxc3 20. Nxc3
Bg4 21. Rd2 Re5 22. h3 Bd7 23. fxg7 Bc6 24. Rdf2 Rce8 25. Kg1 Kxg7 26. Bc4 Qb6
27. Kh2 Rg5 28. Rxf7+ Kh6 29. Qd2 Re3 30. Nd5 Bxd5 31. Bxd5 Qd6+ 32. Kh1 Qxd5
33. Qxd5 Rxd5 34. Rxb7 Re7 35. Rxe7 Nxe7 36. Rf6+ Kg7 37. Ra6 Rd7 38. b4 Rb7
39. g4 Nc8 40. Rc6 Nb6 41. Kg2 Nd5 42. Rd6 Nc3 43. Kf3 Nb5 44. Rd3 a6 45. a4
Nc7 46. Rd7+ Kg8 47. b5 axb5 48. axb5 Rxb5 49. Rxc7 Rb3+ 50. Kg2 Ra3 51. Re7
Rb3 52. h4 Ra3 53. h5 Rb3 54. Kf2 Ra3 55. Re3 Ra7 56. Kg3 h6 57. Re6 1/2-1/2

[Event "22. Copenhagen Open  (Politiken Cup)"]
[Site "Copenhagen"]
[Date "2000.07.28"]
[Round "11"]
[White "Bekker Jensen, David"]
[Black "Palo, Davor"]
[Result "1/2-1/2"]
[WhiteElo "2320"]
[BlackElo "2213"]
[PlyCount "153"]
[EventDate "2000.07.17"]
[EventType "swiss"]
[EventRounds "11"]
[EventCountry "DEN"]
[SourceDate "2004.01.01"]

1. d4 Nf6 2. c4 e6 3. Nc3 Bb4 4. e3 O-O 5. Nge2 d5 6. a3 Be7 7. cxd5 exd5 8.
Nf4 c6 9. Bd3 a5 10. O-O Na6 11. f3 Nc7 12. Bc2 c5 13. Kh1 Ne6 14. Nxe6 Bxe6
15. g4 g6 16. h3 h5 17. g5 Ne8 18. h4 Rc8 19. dxc5 Bxc5 20. Bb3 Nc7 21. Ne2 Qd6
22. Rg1 Qe5 23. Nd4 Bd7 24. Qd3 Rfe8 25. Bd2 a4 26. Ba2 Bxd4 27. Qxd4 Qxd4 28.
exd4 Re2 29. Rg2 Rce8 30. Bf4 Rxg2 31. Kxg2 Re2+ 32. Kf1 Bb5 33. Bxc7 Rc2+ 34.
Ke1 Rxc7 35. Kd2 Bc4 36. Rc1 b5 37. Bb1 Rb7 38. Bc2 Kf8 39. Re1 Ba2 40. Ra1 Bc4
41. Re1 Ba2 42. Re3 Rc7 43. Rc3 Rb7 44. f4 Kg7 45. f5 gxf5 46. Rf3 Rb6 47. Rxf5
Re6 48. Re5 Rc6 49. Rf5 Rc4 50. Rf4 Bb3 51. Bd3 Rc7 52. Rf6 Bc4 53. Rh6 Bxd3
54. Kxd3 Rc1 55. Rxh5 Rh1 56. Rh6 Rh3+ 57. Kc2 Rh2+ 58. Kc1 Rh1+ 59. Kd2 Rh2+
60. Kc3 Rh3+ 61. Kb4 Rb3+ 62. Kc5 Rxb2 63. Kxd5 Rb3 64. Kc5 Rxa3 65. Kxb5 Ra1
66. Ra6 a3 67. Kc4 a2 68. Kd5 Kh7 69. h5 Kg7 70. Ra7 Kf8 71. g6 fxg6 72. hxg6
Kg8 73. Kd6 Rd1 74. Rxa2 Rxd4+ 75. Ke5 Rd1 76. Rf2 Kg7 77. Kf5 1/2-1/2

[Event "22. Copenhagen Open  (Politiken Cup)"]
[Site "Copenhagen"]
[Date "2000.07.28"]
[Round "11"]
[White "Berg, Olaf"]
[Black "Hansen, Henrik Damgaard"]
[Result "1-0"]
[WhiteElo "1795"]
[BlackElo "1508"]
[PlyCount "107"]
[EventDate "2000.07.17"]
[EventType "swiss"]
[EventRounds "11"]
[EventCountry "DEN"]
[SourceDate "2004.01.01"]

1. e4 d5 2. exd5 Nf6 3. c4 e6 4. dxe6 Bxe6 5. Nc3 Nc6 6. Be2 Bc5 7. Nf3 O-O 8.
O-O Qd7 9. d3 Rad8 10. Bg5 Be7 11. Be3 Ng4 12. d4 Nxe3 13. fxe3 Bf5 14. d5 Nb8
15. Ne5 Qc8 16. e4 Bd7 17. Rc1 Rde8 18. Nxd7 Qxd7 19. Kh1 Bd6 20. Bg4 Qe7 21.
Qf3 Be5 22. Rce1 a6 23. Qh3 g6 24. b3 Kg7 25. Nd1 a5 26. Nf2 Na6 27. Qe3 Nc5
28. Bd1 Nd7 29. Ng4 Bd6 30. Rf3 g5 31. Nf6 Qe5 32. Nxe8+ Rxe8 33. Rh3 h6 34.
Qg1 f5 35. Bc2 Nf6 36. Qf1 Ng4 37. Rd1 fxe4 38. Qe2 Rf8 39. Rf1 Rxf1+ 40. Qxf1
Nxh2 41. Qe2 g4 42. Rh4 Qg5 43. Rxh2 Bxh2 44. Kxh2 Qh4+ 45. Kg1 g3 46. Qxe4
Qh2+ 47. Kf1 Qh1+ 48. Ke2 Qh5+ 49. Ke1 Qg5 50. Kd1 h5 51. Qf5 Qe3 52. Qg6+ Kf8
53. Qf6+ Kg8 54. Qe6+ 1-0

[Event "22. Copenhagen Open  (Politiken Cup)"]
[Site "Copenhagen"]
[Date "2000.07.28"]
[Round "11"]
[White "Bogdanov, Max"]
[Black "Einarson, Erland"]
[Result "1/2-1/2"]
[WhiteElo "1067"]
[BlackElo "1100"]
[PlyCount "50"]
[EventDate "2000.07.17"]
[EventType "swiss"]
[EventRounds "11"]
[EventCountry "DEN"]
[SourceDate "2004.01.01"]

1. d4 d5 2. c4 dxc4 3. Nc3 Nc6 4. Nf3 Nf6 5. e3 Be6 6. Qa4 Qd6 7. Bxc4 Bxc4 8.
Qxc4 Qb4 9. Qxb4 Nxb4 10. O-O O-O-O 11. a3 Nbd5 12. Nxd5 Rxd5 13. Ne5 h5 14.
Nxf7 Rh7 15. Ne5 h4 16. h3 e6 17. Bd2 g5 18. f3 Rb5 19. Bc3 Nd5 20. Ng4 Nxc3
21. bxc3 Rb3 22. c4 Bxa3 23. Ra2 a6 24. Rfa1 Be7 25. Ra5 Rc3 1/2-1/2

[Event "22. Copenhagen Open  (Politiken Cup)"]
[Site "Copenhagen"]
[Date "2000.07.28"]
[Round "11"]
[White "Brinck Claussen, Bjorn"]
[Black "Rasmussen, Allan Stig"]
[Result "1-0"]
[WhiteElo "2359"]
[BlackElo "2199"]
[PlyCount "125"]
[EventDate "2000.07.17"]
[EventType "swiss"]
[EventRounds "11"]
[EventCountry "DEN"]
[SourceDate "2004.01.01"]

1. e4 c6 2. d4 d5 3. exd5 cxd5 4. c4 Nf6 5. Nc3 e6 6. Nf3 Be7 7. cxd5 Nxd5 8.
Bd3 Nc6 9. O-O O-O 10. Re1 Bf6 11. Be4 Nce7 12. Ne5 g6 13. Bh6 Bg7 14. Bxg7
Kxg7 15. Qf3 b6 16. Bxd5 Nxd5 17. Nxd5 Qxd5 18. Qxd5 exd5 19. Rac1 Be6 20. Rc7
Rfc8 21. Rec1 Rxc7 22. Rxc7 Rc8 23. Rxc8 Bxc8 24. Nc6 a6 25. Nb4 Bb7 26. f3 Kf6
27. Kf2 Ke6 28. h4 h6 29. Kg3 Kf5 30. Nc2 Ke6 31. Ne3 f5 32. Nd1 Bc6 33. Nc3
Kf6 34. Ne2 g5 35. hxg5+ hxg5 36. f4 g4 37. Kh4 Kg6 38. Nc3 a5 39. a3 a4 40.
Nd1 Bd7 41. Ne3 Be6 42. Nc2 Bf7 43. Nb4 Kf6 44. Nc6 Bg6 45. Ne5 Be8 46. Kg3 Ke6
47. Nd3 Bb5 48. Nb4 Bf1 49. Kf2 Bc4 50. Ke3 Bf1 51. g3 Kd6 52. Kd2 b5 53. Kc3
Be2 54. Na6 Kc6 55. Kb4 Kb6 56. Nc5 Bf3 57. Nd7+ Kc6 58. Ne5+ Kb6 59. Ng6 Bg2
60. Ne7 Be4 61. Nc8+ Ka6 62. Kc5 Ka5 63. Ne7 1-0

[Event "22. Copenhagen Open  (Politiken Cup)"]
[Site "Copenhagen"]
[Date "2000.07.28"]
[Round "11"]
[White "Brynell, Stellan"]
[Black "Hoi, Carsten"]
[Result "1-0"]
[WhiteElo "2484"]
[BlackElo "2408"]
[PlyCount "65"]
[EventDate "2000.07.17"]
[EventType "swiss"]
[EventRounds "11"]
[EventCountry "DEN"]
[SourceDate "2004.01.01"]

1. e4 e5 2. Nf3 d6 3. d4 exd4 4. Qxd4 Nc6 5. Bb5 Bd7 6. Bxc6 Bxc6 7. Nc3 Nf6 8.
Bg5 Be7 9. O-O-O O-O 10. Rhe1 Nd7 11. Bxe7 Qxe7 12. Nd5 Qd8 13. e5 Nb6 14. Ne3
Bxf3 15. gxf3 dxe5 16. Qxe5 Qe8 17. Qxc7 Qa4 18. Kb1 Rac8 19. Qd6 Rfe8 20. Qd4
Qc6 21. Rg1 f6 22. Qd3 Qe6 23. Rg4 Red8 24. Qxd8+ Rxd8 25. Rxd8+ Kf7 26. b3 Qc6
27. Re4 a5 28. a4 Qc7 29. Rde8 Qxh2 30. R8e7+ Kg6 31. Rg4+ Kh5 32. Rexg7 h6 33.
Nf5 1-0

[Event "22. Copenhagen Open  (Politiken Cup)"]
[Site "Copenhagen"]
[Date "2000.07.28"]
[Round "11"]
[White "Brondum, Eric"]
[Black "Bekker Jensen, Simon"]
[Result "0-1"]
[WhiteElo "2230"]
[BlackElo "2388"]
[PlyCount "94"]
[EventDate "2000.07.17"]
[EventType "swiss"]
[EventRounds "11"]
[EventCountry "DEN"]
[SourceDate "2004.01.01"]

1. d4 Nf6 2. Nf3 g6 3. c4 Bg7 4. Nc3 O-O 5. e4 d6 6. Be2 Na6 7. O-O e5 8. Re1
c6 9. dxe5 dxe5 10. Qxd8 Rxd8 11. Nxe5 Nc5 12. Bf1 Nh5 13. Nf3 Bg4 14. h3 Bxf3
15. gxf3 Nd3 16. Rd1 Nhf4 17. Bxf4 Nxf4 18. Rxd8+ Rxd8 19. Rd1 Bd4 20. Nd5 Ne6
21. Ne3 Bxb2 22. Rxd8+ Nxd8 23. f4 Bc1 24. f5 Bxe3 25. fxe3 f6 26. h4 Nf7 27.
Kf2 Ne5 28. Be2 Kf7 29. Ke1 Ke7 30. Kd2 Kd6 31. Kc3 g5 32. hxg5 fxg5 33. Kd2 g4
34. Ke1 h5 35. Kf2 h4 36. Kg2 Ke7 37. Kh2 Kf6 38. Kg2 Kg5 39. Kf2 a5 40. Kg2
Nd7 41. Bd3 Nc5 42. Bc2 Kf6 43. Bd1 Kg5 44. Bc2 Nd7 45. Kf2 Ne5 46. c5 Nd7 47.
Bb1 Kf6 0-1

[Event "22. Copenhagen Open  (Politiken Cup)"]
[Site "Copenhagen"]
[Date "2000.07.28"]
[Round "11"]
[White "Christensen, Jan N"]
[Black "Grand, Hans Henrik"]
[Result "1-0"]
[WhiteElo "2139"]
[BlackElo "2036"]
[PlyCount "95"]
[EventDate "2000.07.17"]
[EventType "swiss"]
[EventRounds "11"]
[EventCountry "DEN"]
[SourceDate "2004.01.01"]

1. e4 e6 2. d4 d5 3. e5 c5 4. c3 Qb6 5. Nf3 Bd7 6. Qb3 Nc6 7. Be3 cxd4 8. Qxb6
axb6 9. Bxd4 Bc5 10. a3 Bxd4 11. cxd4 Nge7 12. Bd3 Nb4 13. Kd2 Nxd3 14. Kxd3
O-O 15. Nc3 Rfc8 16. Nd2 f6 17. exf6 gxf6 18. f4 Kf7 19. g4 Rg8 20. Rhg1 Rg7
21. Rg3 Rag8 22. Rag1 e5 23. dxe5 Rxg4 24. exf6 Kxf6 25. Nf3 Rxg3 26. hxg3 h5
27. Ne5 Bc6 28. b4 b5 29. g4 hxg4 30. Nxg4+ Ke6 31. Ne2 Nf5 32. Nd4+ Nxd4 33.
Kxd4 Kd6 34. Rg2 Ra8 35. Ne3 Rf8 36. Rg6+ Kd7 37. f5 Rf7 38. Ke5 Re7+ 39. Re6
Rf7 40. Rd6+ Kc7 41. Nxd5+ Bxd5 42. Rxd5 Kc6 43. Ke6 Rh7 44. Rc5+ Kb6 45. f6
Rh6 46. Ke7 Rh3 47. f7 Re3+ 48. Kf6 1-0